Návody na cvičenia z pestovania lesa

Bibliographic Details
Main Authors: Gubka, Karol, 1950- (Author), Saniga, Milan, 1951- (Author)
Format: Book
Language:Slovak
PhysicalDescription:176 s., 12,093 AH Sch. 29 cm
Published: Zvolen VŠLD 1987
Edition:2. vyd.

MARC

LEADER 00000nam a2200000 a 4500
001 vtls001086156
003 SK-MaSNL
005 20260301062336.0
008 250414s1987 xo 0 slo
015 |a SNBA1987/11 
035 |a SNK000028995 
040 |a SNK  |b slo  |c SNK  |e AACR2 
041 0 |a slo 
044 |a xo  |c SK 
080 |a 630 2(075.8)(076.5)  |2 1981 
100 1 |a Gubka, Karol,  |d 1950-  |4 aut  |9 245191 
245 1 0 |a Návody na cvičenia z pestovania lesa  |c Karol Gubka, Miilan Saniga ; Milan Saniga 
250 |a 2. vyd. 
260 |a Zvolen  |b VŠLD  |c 1987  |e Zvolen  |f Edičné stredisko VŠLD 
300 |a 176 s., 12,093 AH  |b Sch.  |c 29 cm 
366 |e 300 výtl. 
500 |a Lit. 32. Schválil rektor VŠLD vo Zvolene ako skriptá. Rozmn. 32 zázn. v slov. a češ. 
700 1 |a Saniga, Milan,  |d 1951-  |4 aut  |9 198189 
852 |a Slovenská národná knižnica 
958 |a OND 
958 |a NB 
958 |a RM 
958 |a UV 
999 |c 620296  |d 622226 
952 |t P60, <04>, [BOOK], {604}  |a SNK  |b SNK  |y VYP  |7 0  |p 17A0155765  |o snkSB 42310 D1  |0 0  |1 0  |4 0  |d 1998-08-24  |l 0  |r 2004-12-31 00:00:00  |w 2026-02-23 
952 |a SNK  |b SNK  |y PREZ  |7 0  |p 17A0824530  |o snkSB 42310   |0 0  |1 0  |4 0  |d 2012-05-20  |f 1  |l 0  |r 2025-05-09 00:00:00  |w 2026-02-23